00447nam a2200133Ia 450000500170000000800410001702000180005808200200007610000550009624501070015126000330025830000130029144000090030420241112090744.0240126s9999 xx 000 0 und d a9781484267275 a005.8 CHE;1 R aCheruvu, Sunil. Anil Kumar. Smith, Ned ...[et al.] 0aDemystifying internet of things security : successful IoT device/edge and platform security deployment bApress MediaaNew Yorkc2020 axxx, 488 aNULL